Statistiques concernant League of Legends - Champions

Cliquez ici pour prendre le quiz!

Statistiques générales

  • Ce quiz a été pris 19 fois
  • Le résultat moyen est 97 sur 145

Statistiques - réponses

Champion % Correct
Aatrox
91%
Pantheon
91%
Akali
91%
Ezreal
91%
Annie
91%
Lucian
91%
Tryndamere
91%
Teemo
91%
Jax
82%
Jinx
82%
Katarina
82%
Kayle
82%
Lux
82%
Maître Yi
82%
Malzahar
82%
Shyvana
82%
Rengar
82%
Shen
82%
Gangplank
82%
Singed
82%
Veigar
82%
Vel Koz
82%
Vi
82%
Warwick
82%
Wukong
82%
Yasuo
82%
Zed
82%
Heimerdinger
82%
Zyra
82%
Fiora
82%
Braum
82%
Draven
82%
Ekko
82%
Anivia
82%
Blitzcrank
82%
Alistar
82%
Mordekaiser
73%
Corki
73%
Riven
73%
Leona
73%
Vayne
73%
Lulu
73%
Darius
73%
Malphite
73%
Nasus
73%
Miss Fortune
73%
Twitch
73%
Volibear
73%
Nautilus
73%
Nocturne
73%
Olaf
73%
Thresh
73%
Sylas
73%
Sona
73%
Caitlyn
73%
Kled
73%
Leblanc
73%
Kha Zix
73%
Illaoi
73%
Irelia
73%
Janna
73%
Jarvan IV
73%
Kennen
73%
Hecarim
73%
Zilean
73%
Xin Zhao
73%
Xerath
73%
Kai'Sa
73%
Zoé
73%
Karma
73%
Kassadin
73%
Gnar
73%
Garen
73%
Soraka
64%
Talon
64%
Sivir
64%
Ziggs
64%
Sion
64%
Tristana
64%
Twisted Fate
64%
Trundle
64%
Zac
64%
Udyr
64%
Amumu
64%
Urgot
64%
Varus
64%
Xayah
64%
Bard
64%
Azir
64%
Ashe
64%
Viktor
64%
Sejuani
64%
Fizz
64%
Qiyana
64%
Cho Gath
64%
Diana
64%
Lee Sin
64%
Kog Maw
64%
Kindred
64%
Kayn
64%
Poppy
64%
Rakan
64%
Rammus
64%
Graves
64%
Ivern
64%
Neeko
64%
Morgana
55%
Karthus
55%
Elise
55%
Yuumi
55%
Yorick
55%
Jhin
55%
Jayce
55%
Lissandra
55%
Dr. Mundo
55%
Gragas
55%
Maokai
55%
Ahri
55%
Evelynn
55%
Cassiopeia
55%
Nami
55%
Nidalee
55%
Rumble
55%
Ryze
55%
Rek'Sai
55%
Taric
55%
Shaco
55%
Camille
55%
Gallio
55%
Pyke
55%
Quinn
45%
Kalista
45%
Swain
45%
Syndra
45%
Tahm Kench
45%
Aurelion Sol
45%
Ornn
45%
Brand
45%
Orianna
45%
Vladimir
36%
Taliyah
36%
Fiddlesticks
36%
Nunu
36%
Renekton
36%
Skarner
27%

Distribution des résultats

Percentile by Number Answered

% des personnes avec chaque résultat

Votre développement - résultats

Vous n’avez pas pris ce quiz